000 00598nam a22002297a 4500
003 UA-OsUOA
001 96823
007 ta
008 20130322b un ||||| |||| 00| 0 ukr d
100 _aМерль Р.
090 _a821.133.1
_bМ52
942 _cBK
040 _aUA-OsUOA
_bukr
_cUA-OsUOA
_dUA-OsUOA
245 _aТварина, обдарована розумом
300 _a331 с.
955 _a3
041 _aukr
080 _a821.133.1
260 _aК.
_bДніпро
_c1974
650 7 _a82 Література. Літературознавство
_2UDC
999 _c383073
_d383073